Introduction to counseling and guidance / (Record no. 14267)
[ view plain ]
| 000 -LEADER | |
|---|---|
| fixed length control field | 04461nam a22005057a 4500 |
| 005 - DATE AND TIME OF LATEST TRANSACTION | |
| control field | 20080708111752.0 |
| 008 - FIXED-LENGTH DATA ELEMENTS--GENERAL INFORMATION | |
| fixed length control field | 080708t xxu||||| |||| 00| 0 eng d |
| 010 ## - LCCN (DPL NO) | |
| LC control number | ENG-90478 B-308436-445 B-312165-168 |
| 020 ## - INTERNATIONAL STANDARD BOOK NUMBER | |
| International Standard Book Number | 9788120335479 |
| Terms of availability | 425.00 |
| 035 ## - SYSTEM CONTROL NUMBER | |
| System control number | EN-74011 |
| 035 ## - SYSTEM CONTROL NUMBER | |
| System control number | B-308436-445 |
| 035 ## - SYSTEM CONTROL NUMBER | |
| System control number | B-312165-168 |
| 035 ## - SYSTEM CONTROL NUMBER | |
| System control number | B-358636 |
| 037 ## - SOURCE OF ACQUISITION | |
| Source of stock number/acquisition | DBAD / PUB |
| 037 ## - SOURCE OF ACQUISITION | |
| Source of stock number/acquisition | UBH |
| 040 ## - CATALOGING SOURCE | |
| Original cataloging agency | DPL |
| Language of cataloging | English |
| 082 ## - DEWEY DECIMAL CLASSIFICATION NUMBER | |
| Classification number | 158.3 |
| 100 ## - MAIN ENTRY--PERSONAL NAME | |
| Personal name | Gibson, Robert L. |
| 245 ## - TITLE STATEMENT | |
| Title | Introduction to counseling and guidance / |
| Statement of responsibility, etc | by Robert L. Gibson [and] Marianne H. Mitchell |
| 250 ## - EDITION STATEMENT | |
| Edition statement | 7th ed |
| 260 ## - PUBLICATION, DISTRIBUTION, ETC. (IMPRINT) | |
| Place of publication, distribution, etc | New Delhi |
| Name of publisher, distributor, etc | Prentice-Hall of India |
| Date of publication, distribution, etc | 2008 |
| 300 ## - PHYSICAL DESCRIPTION | |
| Extent | xvii, 523p. |
| Dimensions | 24cm.(pbk) |
| 500 ## - GENERAL NOTE | |
| General note | Includes appendix, bibliographical references and index |
| 700 ## - ADDED ENTRY--PERSONAL NAME | |
| Personal name | mitchell, Marianne H. |
| 942 ## - ADDED ENTRY ELEMENTS (KOHA) | |
| Source of classification or shelving scheme | Dewey Decimal Classification |
| Item type | English Books |
| Classification part | 158.3 |
| Call number suffix | GIB |
| Withdrawn status | Lost status | Damaged status | Not for loan | Collection code | Home library | Current library | Date acquired | Source of acquisition | Cost, normal purchase price | Total Checkouts | Full call number | Barcode | Date last seen | Copy number | Cost, replacement price | Koha item type | Source of classification or shelving scheme | Total Renewals | Checked out |
|---|---|---|---|---|---|---|---|---|---|---|---|---|---|---|---|---|---|---|---|
| Non-fiction | Bawana | Bawana | 06/05/2009 | UBH/311/19.1.09/250/12.12.08/20.1.09 | 425.00 | 3 | 158.3 GIB | B-312167 | 10/09/2025 | 1 | 425.00 | English Books | Dewey Decimal Classification | ||||||
| Non-fiction | Central Library | Central Library | 06/05/2009 | UBH/273/19.12.08/250/12.12.08/23.12.08 | 425.00 | 2 | 158.3 GIB | B-308436 | 30/04/2019 | 1 | 425.00 | English Books | Dewey Decimal Classification | 1 | 14/05/2019 | ||||
| Not For Loan | Non-fiction | D.B.Act.Division | D.B.Act.Division | 08/07/2008 | DBAD / PUB | 425.00 | 158.3 GIB | EN-74011 | 15/09/2008 | 1 | 425.00 | English Books | |||||||
| Non-fiction | Janak Puri | Janak Puri | 19/09/2009 | UBH/102/15.9.09/94/4.9.09/16.9.09 | 425.00 | 7 | 158.3 GIB | B-358636 | 25/07/2013 | 1 | 425.00 | English Books | Dewey Decimal Classification | ||||||
| Non-fiction | Karol Bagh | Karol Bagh | 06/05/2009 | UBH/311/19.1.09/250/12.12.08/20.1.09 | 425.00 | 158.3 GIB | B-312165 | 06/05/2009 | 1 | 425.00 | English Books | Dewey Decimal Classification | |||||||
| Non-fiction | Kasturba Gandhi Marg | Kasturba Gandhi Marg | 06/05/2009 | UBH/273/19.12.08/250/12.12.08/23.12.08 | 425.00 | 158.3 GIB | B-308440 | 06/05/2009 | 1 | 425.00 | English Books | Dewey Decimal Classification | |||||||
| Non-fiction | Mobile Library | Mobile Library | 06/05/2009 | UBH/273/19.12.08/250/12.12.08/23.12.08 | 425.00 | 158.3 GIB | B-308437 | 06/05/2009 | 2 | 425.00 | English Books | Dewey Decimal Classification | |||||||
| Non-fiction | Mobile Library | Mobile Library | 06/05/2009 | UBH/273/19.12.08/250/12.12.08/23.12.08 | 425.00 | 158.3 GIB | B-308438 | 06/05/2009 | 2 | 425.00 | English Books | Dewey Decimal Classification | |||||||
| Non-fiction | Narela | Narela | 06/05/2009 | UBH/311/19.1.09/250/12.12.08/20.1.09 | 425.00 | 158.3 GIB | B-312166 | 06/05/2009 | 1 | 425.00 | English Books | Dewey Decimal Classification | |||||||
| Non-fiction | New Rajendra Nagar | New Rajendra Nagar | 06/05/2009 | UBH/273/19.12.08/250/12.12.08/23.12.08 | 425.00 | 158.3 GIB | B-308443 | 06/05/2009 | 1 | 425.00 | English Books | Dewey Decimal Classification | |||||||
| Non-fiction | Patel Nagar | Patel Nagar | 06/05/2009 | UBH/273/19.12.08/250/12.12.08/23.12.08 | 425.00 | 3 | 158.3 GIB | B-308439 | 22/06/2022 | 1 | 425.00 | English Books | Dewey Decimal Classification | 6 | |||||
| Non-fiction | Peshwa Road | Peshwa Road | 06/05/2009 | UBH/273/19.12.08/250/12.12.08/23.12.08 | 425.00 | 158.3 GIB | B-308441 | 06/05/2009 | 1 | 425.00 | English Books | Dewey Decimal Classification | |||||||
| Non-fiction | Sarojini Nagar | Sarojini Nagar | 06/05/2009 | UBH/273/19.12.08/250/12.12.08/23.12.08 | 425.00 | 8 | 158.3 GIB | B-308444 | 06/09/2021 | 1 | 425.00 | English Books | Dewey Decimal Classification | 3 | |||||
| Non-fiction | Shahdara Branch | Shahdara Branch | 06/05/2009 | UBH/311/19.1.09/250/12.12.08/20.1.09 | 425.00 | 158.3 GIB | B-312168 | 06/05/2009 | 1 | 425.00 | English Books | Dewey Decimal Classification | |||||||
| Non-fiction | Tri Nagar | Tri Nagar | 06/05/2009 | UBH/273/19.12.08/250/12.12.08/23.12.08 | 425.00 | 4 | 158.3 GIB | B-308442 | 14/03/2019 | 1 | 425.00 | English Books | Dewey Decimal Classification | 4 | |||||
| Non-fiction | Vinoba Puri | Vinoba Puri | 06/05/2009 | UBH/273/19.12.08/250/12.12.08/23.12.08 | 425.00 | 6 | 158.3 GIB | B-308445 | 27/01/2022 | 1 | 425.00 | English Books | Dewey Decimal Classification | 1 |
